000 01315nam a2200289 i 4500
001 146011
003 ES-MaACL
005 20260130105735.0
007 t|
008 071018s1912 sp af |||| | spa d
100 1 _aVelázquez Bosco, Ricardo,
_d1843-1923
_9113808
245 1 0 _aMedina Azzahra y Alamiriya :
_barte del Califato de Córdoba /
_cpor D. Ricardo Velázquez Bosco; texto, planos y dibujos del mismo.
260 _aMadrid :
_b[s.n.],
_c1912 (
_fImp. Artística de José Blass y Cía.)
300 _a104 p., LVIII h. de lám. col. y n. :
_bil. ;
_c27 cm.
505 8 _aContiene: Alamiriya y Medina Azzahira ; Medina Azzahra ; Pavimentos, cerámica y cristalería ; Acueducto
530 _aDisponible en formato digital.
650 4 _aArquitectura musulmana-
_zCórdoba (Provincia)
_9168846
650 4 _aDecoración y ornamentación musulmana.
_9149907
650 4 _aPalacios-
_zCórdoba (Provincia)
_9173236
651 4 _aMedina Azahara (Ciudad desaparecida)
_9168847
651 4 _aCórdoba (Provincia)-
_xRestos arqueológicos.
_98924
710 2 _aJunta para la Ampliación de Estudios e Investigaciones Científicas.
_95413
852 4 _aES-MaACL
_jB-4906
_cSPB
856 4 _uhttps://archive.org/details/artedelcalifatod00vel
_yInternet Archive
942 _2udc
999 _c146011
_d146011